Space Exploration Trivia - Statistics

General Stats
  • This quiz has been taken 93 times
    61 since last reset
  • The average score is 12 of 20
Answer Stats
Question Answer % Correct
How many planets are in the solar system? 8
100%
Who was the first man on the Moon? Neil Armstrong
94%
What planet is the hottest in the solar system? Venus
94%
What was the name of the missions to put a man on the Moon? Apollo
91%
Who is the billionaire owner of SpaceX? Elon Musk
91%
And how many exploded? 2
85%
What is the closest major galaxy to the Milky Way? Andromeda
79%
What famous space telescope was launched in 1990 and later required a repair mission before it was usable? Hubble Space Telescope
77%
How many space shuttles were built? 6
72%
Who was the first human in space? Yuri Gagarin
72%
Name a dwarf planet (not Pluto) Eris, Ceres, Makemake, Haumea
66%
What is the name of the rover that landed on Mars in 2012? Curiosity
49%
What is the name of the region where most comets are thought to originate? the Oort Cloud
43%
And what about the rover that landed in 2020? Perseverance
40%
Where does the Russian Soyuz rocket launch from? Baikonur Cosmodrome, Kazakhstan
36%
What is the name of SpaceX's main launch rocket? Falcon 9
32%
What was the first US space station called? Skylab
30%
What is the Chinese equivalent of an astronaut? Taikonaut
28%
Who was the last man on the Moon? Eugene Cernan
17%
What was the first object to land on the Moon? Luna 2
11%
No matching quizzes found
Score Distribution
Percent of People with Each Score
Percentile by Number Answered
Your Score History
You have not taken this quiz since the last reset